000
00156nam a22000857a 4500
082
_a
823
100
_a
B WISEMAN
245
_a
MORRIS GOES TO SCHOOL
942
_c
BK
999
_c
8151
_d
8151